| 000 | 00816nam a2200193 i 4500 | ||
|---|---|---|---|
| 001 | 162801 | ||
| 003 | ES-MaACL | ||
| 005 | 20240523063047.0 | ||
| 008 | 940301s1880 sp |||| | spa d | ||
| 040 |
_aAS _bspa |
||
| 100 | 1 |
_aQuevedo, Francisco de, _d1580-1645 _994591 |
|
| 245 | 1 | 0 |
_aMarco Bruto _b; Suasorias de Séneca ; El Rómulo / _cQuevedo. |
| 260 |
_aMadrid : _b[s.n.], _c1880 ( _fImprenta y litografía de La Guirnalda) |
||
| 300 |
_a249 p. ; _c17 cm. |
||
| 490 | 1 |
_aBiblioteca de autores escogidos ; _v1 |
|
| 830 | 0 |
_aBiblioteca de autores escogidos ; _v1 _9222224 |
|
| 852 |
_aES-MaACL _jT-720-F-4 _z-- Enc. hol., falto de la cub. original _z-- Enc. en un vol. facticio _x-..T490: (Biblioteca de autores escogidos; 1) ; el nº de la serie consta en la antep. |
||
| 999 |
_c162801 _d162801 |
||